000 00347nam a2200157Ia 4500
003 Ost
005 20260225132537.0
008 260225s9999||||xx |||||||||||||| ||und||
040 _cfsic
041 _afre
082 _a384
100 _aPatrice carre
_eAuteur
245 0 _aDu tamtam au satelite /
245 0 _cPatrice carre
942 _cكتاب
999 _c33285
_d33285